=LDR 00000nam 2200000 4500 =001 000543 =005 20250711122119 =035 ##$$a 0010-0725000411 =007 ta =008 250711################a##########0#ind## =020 ##$$a 978-623-307-425-4v =082 ##$$a 398.209 598 =084 ##$$a 398.209 598 ASH k =100 #$$a Ashish kumar trivedi =245 1#$$a Kokokan ayam jago /$c Ashish kumar trivedi =250 ##$$a Cetakan kedua =260 ##$$a Rawamangun :$b Badan pengembangan dan pembinaan bahasa,$c 2022 =300 ##$$a 18 hlm. : $b Ilus. ; $c 29cm =650 #4$$a Cerita anak indonesia-terjemahan =990 ##$$a TBM03040304